[Event "7. LGA Premium Cup"]
[Site "Nürnberg"]
[Date "2010.09.04"]
[Round "5.25"]
[White "Reis, Gerhard"]
[Black "Khanukov, Boris"]
[Result "1/2-1/2"]
[WhiteElo "2225"]
[BlackElo "2361"]
[PlyCount "116"]
[EventDate "2010.09.02"]
[WhiteTeam "SK Zirndorf e.V."]
[BlackTeam "Stift. Bahn-Sozialwerk Schachgr."]

1. Nf3 Nf6 2. c4 e6 3. Nc3 d5 4. d4 c6 5. e3 Nbd7 6. Qc2 Bd6 7. g4 dxc4 8. Bxc4
Nd5 9. Ne4 Be7 10. Bd2 b5 11. Be2 Bb7 12. Nc5 Bxc5 13. dxc5 e5 14. Rc1 O-O 15.
b4 Qe7 16. Bd3 g6 17. h4 Rae8 18. Ng5 N7f6 19. Ne4 Nxe4 20. Bxe4 Nf6 21. g5
Nxe4 22. Qxe4 f5 23. Qc2 Bc8 24. Bc3 f4 25. e4 f3 26. Rd1 Rd8 27. Rd3 Qe6 28.
Rxd8 Rxd8 29. Qb3 Qxb3 30. axb3 Rd3 31. Bxe5 Rxb3 32. Kd2 Rxb4 33. Ke3 Rb3+ 34.
Kf4 Rd3 35. h5 gxh5 36. Rxh5 Bd7 37. g6 hxg6 38. Rh8+ Kf7 39. Bd6 Be6 40. Rh7+
Kg8 41. Re7 Bc4 42. Kg5 Rd1 43. Kf6 Rh1 44. e5 Rh6 45. Rg7+ Kh8 46. Rxa7 g5+
47. Kxg5 Re6 48. Kf5 Bd5 49. Be7 b4 50. Bf6+ Kg8 51. Ra4 b3 52. Kg6 Kf8 53. Rb4
Ke8 54. Rb7 {(=)} Be4+ 55. Kg5 Bd5 56. Kf5 Kf8 57. Rb8+ Re8 58. Rb7 Re6 1/2-1/2

[Event "7. LGA Premium Cup"]
[Site "Nürnberg"]
[Date "2010.09.04"]
[Round "5.26"]
[White "Klundt, Klaus"]
[Black "Schatz, Christian"]
[Result "1/2-1/2"]
[WhiteElo "2355"]
[BlackElo "2189"]
[PlyCount "114"]
[EventDate "2010.09.02"]
[WhiteTeam "SC Heusenstamm"]
[BlackTeam "Schachzentrum Fürth 2002"]

1. e4 Nf6 2. e5 Nd5 3. d4 d6 4. Nf3 Bg4 5. Be2 e6 6. O-O Nc6 7. c4 Nde7 8. exd6
Qxd6 9. Nc3 Bxf3 10. Bxf3 Qxd4 11. Qa4 Qb6 12. Rd1 Nf5 13. Bf4 Bd6 14. Bxd6
Nxd6 15. Rac1 O-O 16. c5 Qxc5 17. Nd5 Qb5 18. Qxb5 Nxb5 19. a4 Nbd4 20. Ne7+
Nxe7 21. Rxd4 Nd5 22. Bxd5 exd5 23. Rxc7 Rac8 24. Rc3 Rxc3 25. bxc3 Rc8 26.
Rxd5 g6 27. Kf1 Rxc3 28. Rd7 Rb3 29. a5 a6 30. h4 h5 31. g3 Kg7 32. Ke2 Kf6 33.
Rc7 Ke6 34. Kd2 f6 35. Ke2 Ke5 36. Kf1 Rb5 37. Rg7 Kf5 38. Kg2 Rb4 39. Kh3 Rb5
40. Rf7 Ke5 41. Rg7 Rxa5 42. Rxb7 Ra1 43. f3 Ra3 44. Kg2 a5 45. Rb5+ Ke6 46.
Rb6+ Kf7 47. Rb7+ Kg8 48. Rb6 Kg7 49. Rb7+ Kh6 50. Rf7 {(=)} f5 51. Ra7 a4 52.
f4 Ra1 53. Kf2 Ra2+ 54. Ke3 a3 55. Kf3 Ra1 56. Kg2 a2 57. Kh2 Rb1 1/2-1/2

[Event "7. LGA Premium Cup"]
[Site "Nürnberg"]
[Date "2010.09.04"]
[Round "5.27"]
[White "Kahlert, Thomas"]
[Black "Levushkina, Elena"]
[Result "1-0"]
[WhiteElo "2221"]
[BlackElo "2346"]
[PlyCount "83"]
[EventDate "2010.09.02"]
[WhiteTeam "SK Norderstedt von 1975"]
[BlackTeam "SC Tarrasch 45 München"]

1. c4 e5 2. Nc3 Nf6 3. Nf3 Nc6 4. g3 Bb4 5. Bg2 O-O 6. O-O e4 7. Ng5 Bxc3 8.
bxc3 Re8 9. f3 e3 10. d3 d5 11. Qb3 Na5 12. Qa3 c6 13. cxd5 cxd5 14. f4 Bg4 15.
Nf3 Nc6 16. Bb2 Qd7 17. Rac1 h5 18. Rfe1 Rad8 19. Qb3 Be6 20. Ng5 h4 21. Nxe6
Qxe6 22. c4 Ne7 23. Bxf6 Qxf6 24. Bh3 b6 25. cxd5 Nxd5 26. Rf1 Qg6 27. Kg2 Qd6
28. Rc4 {(=)} Nf6 29. Qb5 Qa3 30. Ra4 Qe7 31. Rc4 Rd5 32. Qc6 Ra5 33. a4 Qa3
34. g4 Rf8 35. g5 Nd5 36. g6 Qe7 37. gxf7+ Kh8 38. Be6 Nc7 39. f5 Rc5 40. Rxc5
bxc5 41. Qe4 Qg5+ 42. Kh3 1-0

[Event "7. LGA Premium Cup"]
[Site "Nürnberg"]
[Date "2010.09.04"]
[Round "5.28"]
[White "Hirn, Oskar"]
[Black "Bindrich, Falko"]
[Result "0-1"]
[WhiteElo "2246"]
[BlackElo "2507"]
[PlyCount "126"]
[EventDate "2010.09.02"]
[WhiteTeam "SC Noris-Tarrasch Nürnberg 1873"]
[BlackTeam "SC Eppingen"]

1. d4 d5 2. Nf3 Nf6 3. c4 e6 4. Nc3 dxc4 5. e3 a6 6. Bxc4 b5 7. Be2 Bb7 8. O-O
Nbd7 9. b3 Bd6 10. Bb2 O-O 11. Rc1 Qe7 12. Qd3 Rad8 13. Nd2 c5 14. Nde4 Nxe4
15. Nxe4 Bxh2+ 16. Kxh2 Qh4+ 17. Kg1 Bxe4 18. Qc3 cxd4 19. Qxd4 Nf6 20. Qc3 Rd5
21. f3 Bg6 22. Rfd1 Qh6 23. Kf2 Qh4+ 24. Kg1 Qh6 25. Kf2 Rfd8 26. Rxd5 Nxd5 27.
Qd4 Re8 28. a4 bxa4 29. bxa4 a5 {(=)} 30. Bb5 Rd8 31. Rh1 e5 32. Qxe5 f6 33.
Rxh6 fxe5 34. Rh4 e4 35. fxe4 Nf6 36. Bd4 Nxe4+ 37. Ke1 Rc8 38. Rf4 Rc1+ 39.
Ke2 Rc2+ 40. Ke1 Nd6 41. Rf2 {(=)} Rc1+ 42. Kd2 Rb1 43. Bd3 Bxd3 44. Kxd3 Rb3+
45. Kc2 Ra3 46. Kb1 Rxa4 47. Bc5 Nf7 48. Ra2 Rxa2 49. Kxa2 Ne5 50. Kb3 Kf7 51.
Ka4 Ke6 52. Kxa5 Kd5 53. Kb5 g5 54. Be7 g4 55. Bg5 h5 56. Kb4 Nd3+ 57. Kc3 Ne1
58. g3 Ke4 59. Bf4 Ng2 60. Kd2 Kf3 61. Bc7 Nxe3 62. Ke1 Kg2 63. Bf4 Nf1 0-1

[Event "7. LGA Premium Cup"]
[Site "Nürnberg"]
[Date "2010.09.04"]
[Round "5.29"]
[White "Nabavi, Parwis"]
[Black "Seifert, Volker"]
[Result "0-1"]
[WhiteElo "2203"]
[BlackElo "2332"]
[PlyCount "76"]
[EventDate "2010.09.02"]
[WhiteTeam "SGEM Dreisamtal"]
[BlackTeam "USV TU Dresden"]

1. d4 e6 2. Nf3 Nf6 3. e3 b6 4. Be2 Bb7 5. O-O d5 6. b3 Nbd7 7. Bb2 Bd6 8. c4
O-O 9. Nc3 a6 10. Rc1 Qe7 11. Qc2 dxc4 12. bxc4 c5 13. Rfd1 cxd4 14. exd4 Rac8
15. Nd2 e5 16. Nce4 Bb8 17. Nxf6+ {(=)} Nxf6 18. dxe5 Bxe5 19. Bxe5 Qxe5 20.
Bf3 Bxf3 21. Nxf3 Qc5 22. Qb2 Rfd8 23. h3 h6 24. Ne5 Rxd1+ 25. Rxd1 Re8 26. Nd7
Nxd7 27. Rxd7 Qxc4 28. Rd1 b5 29. Rc1 Qd5 30. Qb3 Qd2 31. Rc2 Qe1+ 32. Kh2 Qe4
33. Qc3 Re6 34. a3 Rg6 35. g3 Kh7 36. Rd2 Rf6 37. Kg1 Qe1+ 38. Kg2 Rxf2+ 0-1

[Event "7. LGA Premium Cup"]
[Site "Nürnberg"]
[Date "2010.09.04"]
[Round "5.30"]
[White "Unzicker, Ferdinand"]
[Black "Seibold, Hubert"]
[Result "1/2-1/2"]
[WhiteElo "2330"]
[BlackElo "2180"]
[PlyCount "32"]
[EventDate "2010.09.02"]
[WhiteTeam "FC Bayern München e.V."]
[BlackTeam "SK Zirndorf e.V."]

1. d4 d5 2. c4 c6 3. Nf3 Nf6 4. Nbd2 Bf5 5. Nh4 Bc8 6. Nhf3 Bf5 7. e3 e6 8. Nh4
Be4 9. f3 Bg6 10. Qb3 Qc7 11. Be2 Bd6 12. Nf1 Nbd7 13. cxd5 exd5 14. Bd2 O-O
15. Nxg6 hxg6 16. O-O-O c5 1/2-1/2

[Event "7. LGA Premium Cup"]
[Site "Nürnberg"]
[Date "2010.09.04"]
[Round "5.31"]
[White "Eperjesi, Laszlo"]
[Black "Kersten, Uwe"]
[Result "1/2-1/2"]
[WhiteElo "2194"]
[BlackElo "2325"]
[PlyCount "38"]
[EventDate "2010.09.02"]
[WhiteTeam "Ungarn"]
[BlackTeam "Kasseler SK 1876"]

1. d4 Nf6 2. c4 c5 3. d5 b5 4. cxb5 a6 5. e3 axb5 6. Bxb5 Qa5+ 7. Nc3 Bb7 8.
Bd2 Qb6 9. Bc4 e6 10. Qb3 Qxb3 11. Bxb3 exd5 12. Nge2 Na6 13. O-O Nc7 14. Rfd1
g6 15. Be1 Bg7 16. Nf4 c4 17. Bc2 O-O 18. Rab1 Ne6 19. Nfe2 Bc6 1/2-1/2

[Event "7. LGA Premium Cup"]
[Site "Nürnberg"]
[Date "2010.09.04"]
[Round "5.32"]
[White "Huss, Rolf"]
[Black "Sha, Siyu"]
[Result "1-0"]
[WhiteElo "2153"]
[BlackElo "1918"]
[PlyCount "91"]
[EventDate "2010.09.02"]
[WhiteTeam "SC Fulda"]
[BlackTeam "SC Noris-Tarrasch Nürnberg 1873"]

1. d4 Nf6 2. c4 g6 3. g3 Bg7 4. Bg2 O-O 5. Nc3 d6 6. Nf3 c5 7. O-O Na6 8. h3
Bd7 9. d5 Nc7 10. Qd3 Rb8 11. a4 b6 12. e4 a6 13. e5 Nfe8 14. Re1 b5 15. b3
bxc4 16. bxc4 e6 17. Bg5 f6 18. exf6 Bxf6 19. Ne4 Bxg5 20. Nfxg5 e5 21. Ra2 Rb4
22. Qc2 Bf5 23. h4 Nf6 {(=)} 24. f3 Nce8 25. Bh3 Bxh3 26. Nxh3 Ng7 27. Nhg5
Nfe8 28. Qd3 Qd7 29. Nc3 Nf5 30. Ne6 Rf7 31. Ne4 Neg7 32. N4g5 Re7 33. g4 Nd4
34. Nxh7 Rxe6 35. dxe6 Qxe6 36. Ng5 Qf6 37. Qe4 Nge6 38. Qd5 Kg7 39. Qxd6 Nxf3+
40. Nxf3 Qxf3 41. Qxe5+ Kh7 42. Qxe6 Rb7 43. Rf2 Qg3+ 44. Rg2 Qd3 45. Qe4 Qb3
46. h5 1-0

[Event "7. LGA Premium Cup"]
[Site "Nürnberg"]
[Date "2010.09.04"]
[Round "5.33"]
[White "Heinzel, Olaf"]
[Black "Saathoff, Richard"]
[Result "1/2-1/2"]
[WhiteElo "2324"]
[BlackElo "2152"]
[PlyCount "48"]
[EventDate "2010.09.02"]
[WhiteTeam "Schachclub Hansa Dortmund e.V."]
[BlackTeam "SW Nürnberg Süd e.V."]

1. d4 Nf6 2. Bf4 g6 3. Nf3 Bg7 4. h3 d6 5. e3 O-O 6. Be2 c5 7. Nbd2 Nc6 8. c3
cxd4 9. exd4 Be6 10. Qa4 Qb6 11. Qa3 Rfc8 12. O-O a5 13. Rfe1 a4 14. Rad1 Qa5
15. Nc4 Bxc4 16. Bxc4 d5 17. Bd3 Bf8 18. b4 axb3 19. Qxb3 Qxa2 20. Qxb7 Na5 21.
Qb5 Nc4 22. Re2 Qa3 23. Ne5 Nd6 24. Qb2 Qxc3 1/2-1/2

[Event "7. LGA Premium Cup"]
[Site "Nürnberg"]
[Date "2010.09.04"]
[Round "5.34"]
[White "Schütze, Norman"]
[Black "Heidrich, Manfred"]
[Result "1/2-1/2"]
[WhiteElo "2181"]
[BlackElo "2316"]
[PlyCount "47"]
[EventDate "2010.09.02"]
[WhiteTeam "SG 1871 Löberitz"]
[BlackTeam "SC Forchheim e.V."]

1. d4 f5 2. g3 Nf6 3. Bg2 g6 4. c4 Bg7 5. Nc3 d6 6. Nf3 O-O 7. O-O Qe8 8. Re1
Qf7 9. e4 Nxe4 10. Nxe4 fxe4 11. Rxe4 Nc6 12. Be3 e5 13. dxe5 Nxe5 14. Ng5 Qf6
15. Rf4 Qe7 16. Rh4 h6 17. Bd5+ Kh8 18. Ne4 Nf7 19. Qd2 Kg8 20. Nc3 c6 21. Re1
Qd8 22. Bd4 Bf5 23. Bxg7 Kxg7 24. Rd4 1/2-1/2

[Event "7. LGA Premium Cup"]
[Site "Nürnberg"]
[Date "2010.09.04"]
[Round "5.35"]
[White "Rotstein, Jefim"]
[Black "Stein, Marco"]
[Result "1/2-1/2"]
[WhiteElo "2310"]
[BlackElo "2156"]
[PlyCount "70"]
[EventDate "2010.09.02"]
[WhiteTeam "Ford-Schachfreunde Köln e.V."]
[BlackTeam "SV Alsfeld"]

1. d4 d5 2. Nf3 Nf6 3. c4 c6 4. cxd5 cxd5 5. Nc3 Nc6 6. g3 g6 7. Bg2 Bg7 8. O-O
O-O 9. Ne5 Nxe5 10. dxe5 Ng4 11. Qxd5 Nxe5 12. Bg5 Nc6 13. Rfd1 Qb6 {(=)} 14.
Qb3 Qxb3 15. axb3 Be6 16. b4 a6 17. Bxc6 bxc6 18. Bxe7 Rfe8 19. Bc5 Bc4 20. e3
Bxc3 21. bxc3 Red8 22. Kg2 f5 23. h4 Rxd1 24. Rxd1 a5 25. bxa5 Rxa5 26. Bb4
Bd5+ 27. Kg1 Ra2 28. Rc1 Bf3 29. c4 Kf7 30. Be1 Ke6 31. g4 Ra4 32. gxf5+ Kxf5
33. Kh2 Be2 34. Rc2 Bxc4 35. f3 Ra2 1/2-1/2

[Event "7. LGA Premium Cup"]
[Site "Nürnberg"]
[Date "2010.09.04"]
[Round "5.36"]
[White "Safyanowsky, Mark"]
[Black "Herning, Jens"]
[Result "1-0"]
[WhiteElo "2301"]
[BlackElo "2151"]
[PlyCount "39"]
[EventDate "2010.09.02"]
[WhiteTeam "SC Dillingen"]
[BlackTeam "SG Büchenbach/Roth e.V."]

1. d4 d5 2. c4 c6 3. cxd5 cxd5 4. Bf4 Nc6 5. e3 Nf6 6. Bd3 e6 7. Nc3 Bd6 8.
Bxd6 Qxd6 9. f4 O-O 10. Nf3 b6 11. a3 Bb7 12. O-O Rac8 13. Ne5 Na5 14. Rf3 a6
15. Rh3 Rc7 16. Bxh7+ Nxh7 17. Qh5 Re8 18. Qxh7+ Kf8 19. Qh8+ Ke7 20. Qxg7 1-0

[Event "7. LGA Premium Cup"]
[Site "Nürnberg"]
[Date "2010.09.04"]
[Round "5.37"]
[White "Schönberger, Peter"]
[Black "Lauer, Moritz"]
[Result "0-1"]
[WhiteElo "2174"]
[BlackElo "2298"]
[PlyCount "102"]
[EventDate "2010.09.02"]
[WhiteTeam "Caissa Schwarmstedt"]
[BlackTeam "SV Puschendorf"]

1. e4 d5 2. exd5 Nf6 3. d4 Bg4 4. f3 Bf5 5. Ne2 Nxd5 6. Ng3 Bg6 7. Bd3 Nc6 8.
c3 Qd7 9. Be4 O-O-O 10. Qb3 e5 11. dxe5 Nxe5 12. O-O Bc5+ 13. Kh1 f5 14. Bxd5
Qxd5 15. Qxd5 Rxd5 16. b4 Bb6 17. h4 Nc4 18. Na3 Nxa3 19. Bxa3 Rd3 20. Rad1 f4
21. Ne4 Rxd1 22. Rxd1 Re8 23. c4 Be3 24. Bb2 Bxe4 25. fxe4 Rxe4 26. Bxg7 Rxc4
27. Bf6 Rc1 28. Rxc1 Bxc1 29. Bg5 Kd7 30. Kg1 Ke6 31. Kf2 Kf5 32. Kf3 c6 33.
g4+ Ke5 34. Bd8 Ba3 35. Bc7+ Kf6 36. Kxf4 Bxb4 37. Be5+ Ke6 38. Ke4 Be7 39. g5
b5 40. Bb2 c5 41. Bc1 a5 42. h5 a4 43. Kd3 Kd5 44. g6 hxg6 45. hxg6 Bf6 46. Bh6
c4+ 47. Ke3 Bd4+ 48. Ke2 Ke6 49. Kf3 b4 50. Bc1 b3 51. axb3 axb3 0-1

[Event "7. LGA Premium Cup"]
[Site "Nürnberg"]
[Date "2010.09.04"]
[Round "5.38"]
[White "Seyb, Alexander"]
[Black "Hund, Gerhard"]
[Result "1-0"]
[WhiteElo "2294"]
[BlackElo "2119"]
[PlyCount "75"]
[EventDate "2010.09.02"]
[WhiteTeam "SC Forchheim e.V."]
[BlackTeam "SK Mering"]

1. e4 e6 2. d4 d5 3. Nc3 Bb4 4. e5 Qd7 5. a3 Bxc3+ 6. bxc3 b6 7. Qg4 f5 8. Qg3
Ba6 9. Bxa6 Nxa6 10. Ne2 Nb8 11. h4 Nc6 12. Qg5 h6 13. Qg6+ Qf7 14. Nf4 Qxg6
15. Nxg6 Rh7 16. h5 Nge7 17. Nf4 Kf7 18. a4 g5 19. hxg6+ Nxg6 20. Nh5 Rhh8 21.
Ke2 Na5 22. f3 c5 23. g4 Ne7 24. Ng3 fxg4 25. fxg4 Kg6 26. Be3 cxd4 27. cxd4
Rac8 28. Raf1 Ng8 29. Nh5 Rxc2+ 30. Kd3 Rc6 31. Rf8 Nc4 32. Bc1 Rh7 33. Rxg8+
Kf7 34. Ra8 Rc7 35. Rf1+ Ke7 36. Nf6 Rg7 37. Re8+ Kf7 38. Rh8 1-0

[Event "7. LGA Premium Cup"]
[Site "Nürnberg"]
[Date "2010.09.04"]
[Round "5.39"]
[White "Schöneberg, Manfred"]
[Black "Redzepovic, Irfan"]
[Result "1-0"]
[WhiteElo "2263"]
[BlackElo "2102"]
[PlyCount "106"]
[EventDate "2010.09.02"]
[WhiteTeam "SV Lok Leipzig-Mitte"]
[BlackTeam "SW Nürnberg Süd e.V."]

1. e4 d6 2. d4 Nf6 3. Nc3 g6 4. Nf3 Bg7 5. Be2 c6 6. a4 a5 7. O-O Na6 8. h3 O-O
9. Be3 Nb4 10. Nd2 Qc7 11. Ncb1 c5 12. d5 e6 13. c3 Na6 14. Bxa6 bxa6 15. c4
Rb8 16. Qc2 Qb6 17. Ra2 Nd7 18. Nc3 Qb4 19. Rb1 Bd4 20. Bh6 Re8 21. Ra3 Qb6 22.
Rb3 Qc7 23. Rxb8 Qxb8 24. Nb3 Qc7 25. Ne2 exd5 26. cxd5 Bh8 27. Bd2 Nf6 28. Ng3
h5 29. Re1 Qe7 30. Nxa5 Nd7 31. Nc6 Qh4 32. Qc1 Bf6 33. Bc3 Bg5 34. Bd2 Bf6 35.
Bc3 Bg5 36. Bd2 Bf6 37. b3 Bb7 38. Na5 Rb8 39. Nc4 Bd4 40. Be3 Ne5 41. Nxe5
dxe5 42. Kh2 Qe7 43. Nf1 f5 44. Bxd4 exd4 45. Qh6 Qg7 46. Qg5 Re8 47. d6 Qe5+
48. f4 Qxd6 49. Ng3 fxe4 50. Nxh5 Rf8 51. Ng3 Rxf4 52. Rc1 Rf5 53. Qg4 Rf6 {
Rest unleserlich} 1-0

[Event "7. LGA Premium Cup"]
[Site "Nürnberg"]
[Date "2010.09.04"]
[Round "5.40"]
[White "Wagner, Florian"]
[Black "Arnold, Max"]
[Result "1-0"]
[WhiteElo "2306"]
[BlackElo "1950"]
[PlyCount "45"]
[EventDate "2010.09.02"]
[WhiteTeam "SC Noris-Tarrasch Nürnberg 1873"]
[BlackTeam "SF Pfalzgrafenweiler"]

1. e4 c6 2. d4 d5 3. f3 dxe4 4. fxe4 e5 5. Nf3 Bg4 6. Bc4 Nd7 7. O-O Ngf6 8.
Kh1 Bd6 9. c3 O-O 10. Qc2 b5 11. Bd3 Qc7 12. Bg5 Rfe8 13. Nbd2 Bh5 14. Rae1 h6
15. Bh4 g5 16. Bg3 Kg7 17. c4 exd4 18. e5 Nxe5 19. Nxd4 Bg6 20. Bxg6 fxg6 21.
c5 Bf8 22. Rxe5 Rxe5 23. Ne6+ 1-0

[Event "7. LGA Premium Cup"]
[Site "Nürnberg"]
[Date "2010.09.04"]
[Round "5.41"]
[White "Nuding, Matthias"]
[Black "Sobolevsky, Leonid"]
[Result "0-1"]
[WhiteElo "2130"]
[BlackElo "2252"]
[PlyCount "88"]
[EventDate "2010.09.02"]
[WhiteTeam "SW Nürnberg Süd e.V."]
[BlackTeam "Schachzirkel Elstertal Langenber"]

1. d4 Nf6 2. Nf3 e6 3. g3 b6 4. Bg2 Bb7 5. c4 Ne4 6. O-O Be7 7. Nc3 Nxc3 8.
bxc3 Be4 9. Bf4 Nc6 10. Re1 Na5 11. Nd2 Bxg2 12. Kxg2 g5 13. Be3 f5 14. f3 h5
15. Qc2 Kf7 16. Qd3 Qg8 17. Nb3 Nc6 18. Bf2 Qh7 19. c5 g4 20. f4 h4 21. d5 Nd8
22. e4 hxg3 23. Bxg3 bxc5 24. dxe6+ dxe6 25. exf5 Qxf5 26. Qe4 Qxe4+ 27. Rxe4
Bd6 28. Rf1 Rh5 29. Na5 Rd5 30. Nc4 Nc6 31. Ne3 Rd2+ 32. Rf2 Rxf2+ 33. Kxf2 Ne7
34. Ra4 Nd5 35. c4 Nxf4 36. Nxg4 Nd3+ 37. Ke2 Nb2 38. Ra6 Nxc4 39. Kd3 Nb6 40.
Ne5+ Kf6 41. Nc6 Bxg3 42. hxg3 Rg8 43. Nxa7 Rxg3+ 44. Ke4 Nd5 0-1

[Event "7. LGA Premium Cup"]
[Site "Nürnberg"]
[Date "2010.09.04"]
[Round "5.42"]
[White "Kordts, Wolfgang"]
[Black "Fiedler, Wolfgang"]
[Result "1-0"]
[WhiteElo "2237"]
[BlackElo "2073"]
[PlyCount "37"]
[EventDate "2010.09.02"]
[WhiteTeam "SC Postbauer-Heng e.V"]
[BlackTeam "SC Forchheim e.V."]

1. d4 g6 2. c4 Bg7 3. Nc3 d6 4. e4 e5 5. Nf3 Nc6 6. Bg5 f6 7. Be3 Nh6 8. h3 Nf7
9. c5 exd4 10. Nxd4 Nxd4 11. Bxd4 dxc5 12. Bxc5 Qxd1+ 13. Rxd1 c6 14. Nb5 cxb5
15. Bxb5+ Bd7 16. Rxd7 a6 17. Ba4 Bf8 18. Rxb7+ Kd8 19. Bb6+ 1-0

[Event "7. LGA Premium Cup"]
[Site "Nürnberg"]
[Date "2010.09.04"]
[Round "5.44"]
[White "Osmanovic, Faruk"]
[Black "Schuster, Karsten"]
[Result "0-1"]
[WhiteElo "2118"]
[BlackElo "2226"]
[PlyCount "84"]
[EventDate "2010.09.02"]
[WhiteTeam "SC Blau.Turm Bad Wimpfen"]
[BlackTeam "SC Gröbenzell"]

1. e4 d5 2. exd5 Qxd5 3. Nc3 Qd6 4. d4 c6 5. Nge2 Bf5 6. Bf4 Qb4 7. Rb1 Nf6 8.
a3 Qa5 9. Ng3 Bg6 10. Bc4 e6 11. O-O Be7 12. Qe2 Qd8 13. Rbd1 Nbd7 14. Rfe1 O-O
15. Bd3 Nd5 16. Nxd5 cxd5 17. Bxg6 hxg6 18. c3 Nb6 19. Nf1 Rc8 20. Rd3 Nc4 21.
Bc1 b5 22. Rh3 a5 23. f4 Re8 24. g4 Bh4 25. Rd1 g5 26. Nd2 Nxd2 27. Bxd2 gxf4
28. Bxf4 Bg5 29. Rf1 Bxf4 30. Rxf4 Qg5 31. Rhf3 e5 32. dxe5 Rxe5 33. Qxb5 Re1+
34. Rf1 Qxf4 35. Rxe1 Qxg4+ 36. Kh1 Qf3+ 37. Kg1 Rc4 38. Qb8+ Kh7 39. h3 Rf4
40. Qe5 Qg3+ 41. Kh1 Qxh3+ 42. Kg1 Qg3+ 0-1

[Event "7. LGA Premium Cup"]
[Site "Nürnberg"]
[Date "2010.09.04"]
[Round "5.45"]
[White "Hirschinger, Thomas"]
[Black "Böhle, Lars"]
[Result "1/2-1/2"]
[WhiteElo "2098"]
[BlackElo "2222"]
[PlyCount "31"]
[EventDate "2010.09.02"]
[WhiteTeam "SK Landau"]
[BlackTeam "Schachgesellschaft Bochum 1931"]

1. d4 Nf6 2. Nf3 e6 3. g3 b6 4. Bg2 Bb7 5. O-O Be7 6. c4 O-O 7. b3 d5 8. Nbd2
Nbd7 9. Bb2 c5 10. cxd5 exd5 11. dxc5 bxc5 12. Rc1 Qb6 13. Qc2 a5 14. Ne5 Nxe5
15. Bxe5 Qe6 16. Qb2 1/2-1/2

[Event "7. LGA Premium Cup"]
[Site "Nürnberg"]
[Date "2010.09.04"]
[Round "5.46"]
[White "Donchenko, Alexander"]
[Black "Henrichs, Wenke"]
[Result "1-0"]
[WhiteElo "2204"]
[BlackElo "2061"]
[PlyCount "45"]
[EventDate "2010.09.02"]
[WhiteTeam "SK 1858 Gießen"]
[BlackTeam "Schachverein Wattenscheid 1930"]

1. d4 Nf6 2. Nf3 g6 3. c4 Bg7 4. g3 O-O 5. Bg2 c5 6. Nc3 cxd4 7. Nxd4 Nc6 8.
Nc2 b6 9. O-O Bb7 10. b3 Rc8 11. Bb2 Na5 12. Qd3 Bxg2 13. Kxg2 Qc7 14. Rad1
Rfd8 15. e4 e6 16. Nb5 Qb8 17. Nd6 Rc6 18. e5 Ng4 19. Qe2 Nxe5 20. Bxe5 Bxe5
21. Qxe5 Nb7 22. Nxf7 Kxf7 23. Rxd7+ 1-0

[Event "7. LGA Premium Cup"]
[Site "Nürnberg"]
[Date "2010.09.04"]
[Round "5.47"]
[White "Walter, Florian"]
[Black "Eppinger, Georg"]
[Result "0-1"]
[WhiteElo "2019"]
[BlackElo "2212"]
[PlyCount "82"]
[EventDate "2010.09.02"]
[WhiteTeam "SV Lauf a.d.P."]
[BlackTeam "SGEM Dreisamtal"]

1. Nf3 Nf6 2. c4 g6 3. g3 Bg7 4. Bg2 O-O 5. Nc3 d6 6. O-O Nc6 7. Rb1 Bf5 8. d3
Qd7 9. Re1 e5 10. Nd2 Bh3 11. Bh1 Nh5 12. b4 f5 13. b5 Nd8 14. Ba3 a6 15. Qb3
axb5 16. c5+ Kh8 17. Nxb5 dxc5 18. Bxc5 Re8 19. Rec1 f4 20. Qd5 Qc8 21. Bd6 c6
22. Qb3 Ne6 23. Nf3 Ra5 24. Na3 Nd8 25. Ng5 Bg4 26. Nf7+ Nxf7 27. Qxf7 Ra7 28.
Nb5 Ra5 29. Nc3 Ra7 30. Qb3 Qd7 31. Bc5 Ra5 32. Qb6 Rea8 33. Ne4 Bxe2 34. Nd6
h6 35. Re1 Rxa2 36. Qxb7 Qxb7 37. Rxb7 f3 38. d4 Ra1 39. Rbb1 Rxb1 40. Rxb1
exd4 41. Ne4 Bd3 0-1

[Event "7. LGA Premium Cup"]
[Site "Nürnberg"]
[Date "2010.09.04"]
[Round "5.48"]
[White "Bauer, Andreas"]
[Black "Schulz, Anja"]
[Result "1-0"]
[WhiteElo "2199"]
[BlackElo "2052"]
[PlyCount "103"]
[EventDate "2010.09.02"]
[WhiteTeam "SC Postbauer-Heng e.V"]
[BlackTeam "Muldental Wilkau-Haßlau"]

1. e4 c5 2. Nf3 d6 3. d4 cxd4 4. Nxd4 Nf6 5. Nc3 a6 6. h3 b5 7. a3 Bb7 8. Bd3
Nbd7 9. O-O Nc5 10. Re1 g6 11. Bg5 Bg7 12. Qd2 h6 13. Bh4 O-O 14. Rad1 Qb6 15.
Nf3 g5 16. Bg3 Nfd7 17. b4 Na4 18. Nxa4 bxa4 19. c4 a5 20. Rb1 Bc6 21. b5 Bb7
22. h4 f6 23. Qe3 Qxe3 24. Rxe3 Nc5 25. Bc2 Rfd8 26. Nd4 e6 27. Rd1 Bf8 28.
hxg5 hxg5 29. Ree1 Kf7 30. f3 Be7 31. Ne2 Rg8 32. Bxd6 Bxd6 33. Rxd6 g4 34. Kf2
Rg7 35. Nc3 gxf3 36. gxf3 Rag8 37. Ke3 Rc8 38. Red1 Ba8 39. Rd8 Rg8 40. Rxg8
Kxg8 41. Nxa4 Nxa4 42. Bxa4 Rxc4 43. Bb3 Rc3+ 44. Rd3 Rxd3+ 45. Kxd3 Kf7 46.
Kd4 Ke7 47. Kc5 a4 48. Bxa4 f5 49. exf5 Bxf3 50. fxe6 Kxe6 51. b6 Ke7 52. Bc6
1-0

[Event "7. LGA Premium Cup"]
[Site "Nürnberg"]
[Date "2010.09.04"]
[Round "5.49"]
[White "Zikeli, Saskia"]
[Black "Mons, Leon"]
[Result "0-1"]
[WhiteElo "2050"]
[BlackElo "2178"]
[PlyCount "112"]
[EventDate "2010.09.02"]
[WhiteTeam "SC Ingersheim e.V."]
[BlackTeam "SC Forchheim e.V."]

1. c4 Nf6 2. Nc3 g6 3. g3 Bg7 4. Bg2 O-O 5. d3 d6 6. e3 e5 7. Nge2 c6 8. O-O
Be6 9. Rb1 Nbd7 10. b4 d5 11. cxd5 cxd5 12. d4 Bf5 13. Rb3 e4 14. Nf4 Nb6 15.
b5 Re8 16. a4 Nc4 17. Ba3 h5 18. Bb4 Bh6 19. Re1 h4 20. Bf1 Rc8 21. Qc1 hxg3
22. fxg3 Bxf4 23. exf4 Qb6 24. Qd1 Qe6 25. Nb1 Bg4 26. Be2 Bxe2 27. Qxe2 Rc7
28. Rc3 Rec8 29. Rec1 Qd7 30. Qc2 Ne8 31. Qe2 {(=)} Ng7 32. Nd2 Nxd2 33. Qxd2
Rxc3 34. Rxc3 Nf5 35. Rxc8+ Qxc8 36. Qc3 Qxc3 37. Bxc3 Ne3 38. Bb4 Nc4 39. Bc5
a6 40. Kf2 Nb2 41. bxa6 bxa6 42. a5 Kg7 43. g4 Nc4 44. Bb4 Nb2 45. Bc5 Nd1+ 46.
Ke2 Nc3+ 47. Ke3 Nb5 48. Ke2 Nc7 49. Ke3 Ne6 50. h4 Kh6 51. Be7 f5 52. Bg5+ Kh7
53. gxf5 gxf5 54. Bf6 Kg6 55. Be7 Kh5 56. Bf6 Kg4 0-1

[Event "7. LGA Premium Cup"]
[Site "Nürnberg"]
[Date "2010.09.04"]
[Round "5.50"]
[White "Maurer, Christian"]
[Black "Lauterbach, Ingrid"]
[Result "1-0"]
[WhiteElo "1990"]
[BlackElo "2169"]
[PlyCount "91"]
[EventDate "2010.09.02"]
[WhiteTeam "SK Kelheim 1920"]
[BlackTeam "Karlsruher SF 1853"]

1. d4 d6 2. c4 e5 3. Nf3 Nd7 4. Nc3 Ngf6 5. e4 g6 6. Be2 Bg7 7. O-O O-O 8. Re1
c6 9. Bf1 Re8 10. h3 Qc7 11. Bg5 exd4 12. Nxd4 Nc5 13. Bd3 Nfd7 14. Be3 Nxd3
15. Qxd3 Nc5 16. Qc2 a6 17. Rad1 b6 18. Rd2 a5 19. b3 Ba6 20. a3 Rad8 21. Red1
Bc8 22. b4 axb4 23. axb4 Ne6 24. Nce2 Nxd4 25. Bxd4 Bh6 26. Bf6 Rd7 27. f4 c5
28. b5 Re6 29. e5 dxe5 30. Rxd7 Bxd7 31. fxe5 Re8 32. Qd3 Be6 33. Nc3 Bf5 34.
Qd6 Qa7 35. Nd5 Bf8 36. Qxb6 Qa4 37. Rc1 Qa3 38. Rc3 Qa1+ 39. Kh2 Be4 40. Rg3
Qc1 41. Qc6 Rb8 42. Ne7+ Bxe7 43. Qxe4 Bxf6 44. exf6 h5 45. Rxg6+ fxg6 46.
Qxg6+ 1-0

[Event "7. LGA Premium Cup"]
[Site "Nürnberg"]
[Date "2010.09.04"]
[Round "5.51"]
[White "Klek, Hanna-Marie"]
[Black "Frey, Alisa"]
[Result "1-0"]
[WhiteElo "2169"]
[BlackElo "2045"]
[PlyCount "65"]
[EventDate "2010.09.02"]
[WhiteTeam "SC Erlangen 48/88"]
[BlackTeam "SC Eppingen"]

1. e4 e5 2. Nf3 Nc6 3. Bc4 Nf6 4. d3 Be7 5. O-O d6 6. c3 O-O 7. h3 Na5 8. Bb5
a6 9. Ba4 b5 10. Bc2 c5 11. Nbd2 Nc6 12. Re1 Re8 13. Nf1 h6 14. Ng3 Bf8 15. d4
cxd4 16. cxd4 Qc7 17. Be3 g6 18. Rc1 Bb7 19. d5 Ne7 20. Nh2 Qd7 21. Ng4 Nxg4
22. hxg4 Bc8 23. g5 h5 24. a4 Bg7 25. Qd2 Kh7 26. Qa5 h4 27. Nf1 h3 28. g3 h2+
29. Nxh2 Rh8 30. Bd3 Qh3 31. Bf1 Qh5 32. Rxc8 Raxc8 33. Be2 1-0